Responses for Show #4970 - Friday, March 31, 2006

Contestants

[<< previous game]

Craig Mobley, a switchboard manager from Albuquerque, New Mexico

Chrissy Hoffman, a nonprofit director from Ponte Vedra Beach, Florida

Doc Hamilton, an advanced customer care agent from Nashville, Tennessee (whose 1-day cash winnings total $14,401)

[next game >>]

Jeopardy! Round responses

SLOTH
VANITY
GLUTTONY
WRATH, ANGER OR HATE
NV
LISZT
    $200 25
Jefferson

Doc
    $200 2
Warren Beatty

Doc
    $200 1
(Craig: What are... duck...)

duck & chicken

ChrissyCraig
    $200 11
anger

Doc
    $200 21
Lake Mead

Doc
    $200 16
(Doc: Who is Wagner?)
(Chrissy: Who is Bach?)
(Craig: Who is Händel?)
...
(Alex: No harm, no foul; you each lost the same amount of money.)

Beethoven

DocChrissyCraig
Triple Stumper
    $400 26
(Chrissy: What is a vulture?)

the eagle

Chrissy
Triple Stumper
    $400 3
Jennifer Lopez ("J.Lo")

Doc
    $400 7
(Doc: Who are the Browns?)

the (Cincinnati) Bengals

DocCraig
    $400 12
wrath

Doc
    $400 22
sagebrush

Triple Stumper
    $400 17
Hugo

Craig
    $600 27
(cervical) vertebrae

Triple Stumper
    $600 4
Mariah Carey

Craig
    $600 8
(Craig: Who is Tiffany?)
(Doc: Who is Faberge?)

"Diamond" Jim Brady

DocCraig
Triple Stumper
    $600 13
hate

Craig
    $600 23
(Craig: What is the 14th Amendment?)
(Chrissy: What is the 15th Amendment?)
...
(Alex: You guys were close. What is [*]?)

the 13th Amendment

ChrissyCraig
Triple Stumper
    $600 18
(Chrissy: Who is Schubert?)

(Frederic) Chopin

ChrissyCraig
    $800 28
cold-blooded

Doc
    $800 5
Burt Reynolds

Craig
    $800 9
Dante

Craig
    $800 14
(Doc: What is anger?)

Wrath

Doc
Triple Stumper
    $1,000 24
(Doc: Who is I have no idea?)
(Alex: Who is Democratic senator [*]?)

Harry Reid

Doc
    $800 19
Wagner

Craig
    $1000 29
algae

Chrissy
    $1000 6
Barbra Streisand

Craig
    $1000 10
Caligula

Craig
    $1000 15
Anger

Craig
    $1000 30
the Comstock Lode

Craig
    $1000 20
Rhapsodies

Craig

Scores at the first commercial break (after clue 15):

Doc Chrissy Craig
-$600 $200 $5,400

Scores at the end of the Jeopardy! Round:

Doc Chrissy Craig
-$600 -$600 $8,400

Double Jeopardy! Round responses

APRIL FOOL'S DAY BABIES
BROADWAY SECRETS
ALTAR EGOS
MIDWAY ISLAND
LITERARY CROSSWORD CLUES "S"
A LITTER OF ALLITERATION
    $400 17
Ali MacGraw

Doc
    $400 11
Cats

Chrissy
    $400 12
the Mormons

Doc
    $400 26
(Doc: What is Vietnam?)
(Alex: Be more specific.)
(Doc: What is North Vietnam?)
[The end-of-round signal sounds.]

South Vietnam

DocChrissy
    $400 6
Scarlett

Chrissy
    $400 1
[Doc selected the first clue.]

Rocky Road

Craig
    $800 18
Bismarck

Craig
    $800 13
Dracula

Doc
    $800 22
(Doc: Who is Mohammed?)

Jesus

Doc
Triple Stumper
    $800 7
Sons

Craig
    $800 2
double down

Doc
    $1200 19
(Craig: Who is Tchaikovsky?)

Rachmaninoff

Craig
Triple Stumper
    $1200 14
a masquerade

Chrissy
    $2,400 23
(Craig: What is imam?)

guru

Craig
    $1200 8
Simon

Craig
    $1200 3
(Alex: Yes, and now you are out of the hole!)
(Chrissy: Yay!)

a baby boom

Chrissy
    $1600 20
William Harvey

Triple Stumper
    $1600 15
Yul Brynner

Doc
    $1600 24
the Medicis

Chrissy
    $1600 9
Maurice Sendak

Triple Stumper
    $2,000 4
(Chrissy: I'm sure I'll know it when I hear it.)
(Alex: I'm sure you will, but you tell me. No? Aw, how unfortunate.)
(Chrissy: I don't know.)
(Alex: Who is or what is [*] of Hamelin?)

the Pied Piper

Chrissy
    $2000 21
Toshiro Mifune

Craig
    $2000 16
a ghost light (a ghost lamp accepted)

Doc
    $2000 25
magus

Triple Stumper
    $2000 10
(Alex: Dramatist beginning with "S"--George Bernard [*].)

Shaw

Triple Stumper
    $2000 5
the Seven Sisters

Chrissy

Scores at the end of the Double Jeopardy! Round:

Doc Chrissy Craig
$4,200 $4,600 $10,000
(lock game)

[wagering suggestions for these scores]

Final Jeopardy! Round responses

FAMOUS PHOTOGRAPHS
DocWho is Che Gueverra?
$4,200
ChrissyWho Che Guera
$4,500
CraigWho is Che Guevara?
$0
Che Guevara

Final scores:

Doc Chrissy Craig
$8,400 $100 $10,000
2nd place: $2,000 3rd place: $1,000 New champion: $10,000

Game dynamics:

Coryat scores:

Doc Chrissy Craig
$5,200 $6,600 $12,400
13 R,
7 W
(including 1 DD)
9 R,
5 W
(including 1 DD)
18 R,
6 W
(including 1 DD)

Combined Coryat: $24,200

[game clues] [game scores] [suggest correction]

Game tape date: 2006-03-07
The J! Archive is created by fans, for fans. Scraping, republication, monetization, and malicious use prohibited; this site may use cookies and collect identifying information. See terms. The Jeopardy! game show and all elements thereof, including but not limited to copyright and trademark thereto, are the property of Jeopardy Productions, Inc. and are protected under law. This website is not affiliated with, sponsored by, or operated by Jeopardy Productions, Inc. Join the discussion at JBoard.tv.